European integration theory / (Record no. 12446)
[ view plain ]
| 000 -LEADER | |
|---|---|
| fixed length control field | 01582cam a2200349 a 4500 |
| 001 - CONTROL NUMBER | |
| control field | 13561057 |
| 005 - DATE AND TIME OF LATEST TRANSACTION | |
| control field | 20070514135603.0 |
| 008 - FIXED-LENGTH DATA ELEMENTS--GENERAL INFORMATION | |
| fixed length control field | 040416s2004 enk b 001 0 eng d |
| 010 ## - LIBRARY OF CONGRESS CONTROL NUMBER | |
| LC control number | 2004298986 |
| 020 ## - INTERNATIONAL STANDARD BOOK NUMBER | |
| International Standard Book Number | 0199252483 |
| 035 ## - SYSTEM CONTROL NUMBER | |
| System control number | (OCoLC)ocm54367980 |
| 040 ## - CATALOGING SOURCE | |
| Original cataloging agency | NOC |
| Transcribing agency | NOC |
| Modifying agency | DLC |
| 042 ## - AUTHENTICATION CODE | |
| Authentication code | lccopycat |
| 043 ## - GEOGRAPHIC AREA CODE | |
| Geographic area code | e------ |
| 050 00 - LIBRARY OF CONGRESS CALL NUMBER | |
| Classification number | JN15 |
| Item number | .W495 2004 |
| 082 00 - DEWEY DECIMAL CLASSIFICATION NUMBER | |
| Classification number | 341.2422 |
| Edition number | 22 |
| Item number | WIE |
| 100 1# - MAIN ENTRY--PERSONAL NAME | |
| Personal name | Wiener, Antje. |
| 9 (RLIN) | 8189 |
| 245 10 - TITLE STATEMENT | |
| Title | European integration theory / |
| Statement of responsibility, etc | Antje Wiener, Thomas Diez. |
| 260 ## - PUBLICATION, DISTRIBUTION, ETC. (IMPRINT) | |
| Place of publication, distribution, etc | Oxford : |
| Name of publisher, distributor, etc | Oxford University Press, |
| Date of publication, distribution, etc | c2004. |
| 300 ## - PHYSICAL DESCRIPTION | |
| Extent | xvi, 290 p. ; |
| Dimensions | 25 cm. |
| 504 ## - BIBLIOGRAPHY, ETC. NOTE | |
| Bibliography, etc | Includes bibliographical references and index. |
| 610 20 - SUBJECT ADDED ENTRY--CORPORATE NAME | |
| Corporate name or jurisdiction name as entry element | European Union. |
| 9 (RLIN) | 8190 |
| 650 #0 - SUBJECT ADDED ENTRY--TOPICAL TERM | |
| Topical term or geographic name as entry element | European federation. |
| 9 (RLIN) | 8191 |
| 651 #0 - SUBJECT ADDED ENTRY--GEOGRAPHIC NAME | |
| Geographic name | European Union countries |
| General subdivision | Politics and government |
| -- | Philosophy. |
| 9 (RLIN) | 8192 |
| 700 1# - ADDED ENTRY--PERSONAL NAME | |
| Personal name | Diez, Thomas, |
| Dates associated with a name | 1970- |
| 9 (RLIN) | 8193 |
| 856 42 - ELECTRONIC LOCATION AND ACCESS | |
| Materials specified | Publisher description |
| Uniform Resource Identifier | <a href="http://www.loc.gov/catdir/enhancements/fy0620/2004298986-d.html">http://www.loc.gov/catdir/enhancements/fy0620/2004298986-d.html</a> |
| 856 41 - ELECTRONIC LOCATION AND ACCESS | |
| Materials specified | Table of contents only |
| Uniform Resource Identifier | <a href="http://www.loc.gov/catdir/enhancements/fy0620/2004298986-t.html">http://www.loc.gov/catdir/enhancements/fy0620/2004298986-t.html</a> |
| 856 42 - ELECTRONIC LOCATION AND ACCESS | |
| Materials specified | Contributor biographical information |
| Uniform Resource Identifier | <a href="http://www.loc.gov/catdir/enhancements/fy0723/2004298986-b.html">http://www.loc.gov/catdir/enhancements/fy0723/2004298986-b.html</a> |
| 942 ## - ADDED ENTRY ELEMENTS (KOHA) | |
| Source of classification or shelving scheme | Dewey Decimal Classification |
| Item type | Book - Borrowing |
| Withdrawn status | Item status | Source of classification or shelving scheme | Damaged status | Not for loan | Vendor | Home library | Current library | Shelving location | Date acquired | Source of acquisition | Total Checkouts | Total Renewals | Full call number | Barcode | Checked out | Date last seen | Date last borrowed | Koha item type | Public note |
|---|---|---|---|---|---|---|---|---|---|---|---|---|---|---|---|---|---|---|---|
| Dewey Decimal Classification | Donation-Gift | Central Library | Central Library | First floor | 28/07/2009 | Donation | 7 | 7 | 341.2422 WIE | 000017605 | 18/09/2022 | 28/07/2022 | 28/07/2022 | Book - Borrowing | Donations - Dr. Bassem Ahmed Hassan |